000 00766nam a22002417a 4500
005 20170124110237.0
010 _aB-209660
020 _c00.00
_a8179750196
035 _aB-209660
037 _bCen Lib/Ret
040 _aDPL
_bEN
082 _a352.00722
_bDEM
245 _aDemocratic decentralisation and Panchayati Raj in India /
_cedited by M.P.Dubey [and] Munni Padalia
246 _b
260 _bAnamika Publishers
_c2002
_aNew Delhi
270 _a4697/3, 21A , Ansari Road, Darya Ganj
_bNew Delhi
_e110002
300 _a285p.
_c20cm(Hb)
650 _aPanchayat
_942281
650 _aDecentralization in government
_934560
700 _aDubey, M. P.
_942282
700 _aPadalia, Munni
_942283
942 _2ddc
_cEN
_h352.00722
_mDEM
999 _c134960
_d134960